Grande città violenta /

সংরক্ষণ করুন:
গ্রন্থ-পঞ্জীর বিবরন
প্রধান লেখক: McBain, Ed (লেখক)
বিন্যাস: গ্রন্থ
ভাষা:ইতালিয়
প্রকাশিত: Milano : Mondolibri, 2001
ট্যাগগুলো: ট্যাগ যুক্ত করুন
কোনো ট্যাগ নেই, প্রথমজন হিসাবে ট্যাগ করুন!

MARC

LEADER 00000nam a22000007i 4500
001 IT\ICCU\MOD\0812356
003 ItRI
005 20250311222656.0
008 030731s2001 it |||||| ||||| |||||c
040 |b ita  |c ARCIGAY RIMINI 
041 7 |a ita  |2 ISO-639-2 
100 1 |a McBain, Ed  |0 IT\ICCU\VIAV\147079  |4 aut 
245 1 0 |a Grande città violenta /  |c Ed McBain [i. e. Hunter Evan!. 
260 |a Milano :  |b Mondolibri,  |c 2001 
300 |a 251 p. ;  |c 23 cm. 
942 |2 ddc  |c BK 
952 |0 0  |1 0  |2 ddc  |4 0  |6 813_540000000000000_MCB_GRA  |7 1  |9 3649  |a RN  |b RN  |d 2025-03-11  |l 0  |o 813.54 MCB GRA  |p 10908  |r 2025-03-11 22:27:21  |w 2025-03-11  |x DONAZIONE DI GIOVANNI RIMONDINI  |y BK  |z DONAZIONE DI GIOVANNI RIMONDINI 
981 1 |6 z01  |a i   |b xxxe  
982 1 |6 z01  |a n 
999 |c 2839  |d 2839